Asian Countries with Population Under 5 Million People - Statistics

General Stats
  • This quiz has been taken 221 times
    109 since last reset
  • The average score is 12 of 13
Answer Stats
Hint Answer % Correct
1,781,000 Bahrain
96%
760,000 Bhutan
95%
2,113,000 Qatar
95%
421,000 Brunei
94%
1,245,000 East Timor
94%
345,000 Maldives
91%
4,161,000 Kuwait
90%
3,005,000 Armenia
89%
3,730,000 Georgia
89%
4,288,000 Lebanon
89%
3,029,000 Mongolia
89%
4,181,000 Oman
89%
4,902,000 Turkmenistan
72%
No matching quizzes found
Score Distribution
Percent of People with Each Score
Percentile by Number Answered
Your Score History
You have not taken this quiz since the last reset